00789nam a22001817a 4500003000900000008004100009040007100050082001800121100002300139245006600162260003300228300002800261440003400289505024400323650001500567650001200582650001300594AR-CdUCM190515b ||||| |||| 00| 0 spa d aMUNICIPALIDAD PROVINCIAL DEL CUSCOcBIBLIOTECA MUNICIPAL DEL CUSCO a632.7 /bCH48 aChiesa Molinari, O aLas plagas de la huerta y el jardín y modo de combatirlas / aBuenos Aires :bBell,c1948. a205 páginas ;c20 cm. aBiblioteca de pampa argentina aContenido : Generalidades sobre los insectos -- Nociones generales sobre la forma y vida de los insectos y otros enemigos de la agricultura -- Procedimientos generales de lucha contra las plagas de las hortalizas y plantas de jardín ...  aHortalizas aPlantas aInsectos